000 02461cam a2200349 a 4500
999 _c57273
_d57273
001 15117522
003 GE_BSU
005 20200131131846.0
008 071218s2008 txua bf 000 0 eng
010 _a 2007051726
020 _a9781593633097 (pbk.)
020 _a1593633092 (pbk.)
035 _a(OCoLC)ocn185026581
035 _a(OCoLC)185026581
040 _aDLC
_cDLC
_dYDX
_dBAKER
_dYDXCP
_dMEA
_dOCLCG
_dBTCTA
_dQBX
_dDLC
043 _an-us---
050 0 0 _aLC3981
_b.W37 2008
082 0 0 _a371.90973
_222
100 1 _aWeinfeld, Rich,
_d1953-
_96594
245 1 0 _aSpecial needs advocacy resource book :
_bwhat you can do now to advocate for your exceptional child's education /
_cby Rich Weinfeld & Michelle Davis.
260 _aWaco, Tex. :
_bPrufrock Press Inc.,
_cc2008.
300 _ax, 316 p. :
_bill. ;
_c23 cm.
504 _aIncludes bibliographical references (p. 311-316).
505 0 _aAcknowledgments -- Introduction -- Why is it important that we advocate for students? -- What do effective advocates do? -- What does an advocate need to know about -- Outstanding classrooms or educational programs? -- What does an advocate -- Need to know about the law? -- What does an advocate need -- To know about the iep process? -- What does an advocate need to know -- About evaluating a child's strengths and needs? -- What does an advocate need to know -- To work effectively with the parents and family? -- What does an advocate need to know about -- The school system, school, and classroom? -- What does an advocate need -- To know about educational options -- Beyond the standard public school offerings? -- What does an advocate need to know -- About the dynamics of school meetings? -- What does an advocate do to ensure -- Effective implementation and -- Evaluate efficacy of individual student plans? -- How can parents organize into groups -- And effectively advocate for their children? -- Glossary -- References -- About the authors.
650 0 _aSpecial education
_xParent participation
_zUnited States
_vHandbooks, manuals, etc.
_96595
653 _aპედაგოგიკა
700 1 _aDavis, Michelle.
_96596
856 4 1 _3Table of contents only
_uhttp://www.loc.gov/catdir/toc/ecip087/2007051726.html
906 _a7
_bcbc
_corignew
_d1
_eecip
_f20
_gy-gencatlg
942 _2udc
_cBK
955 _asd21 2007-12-18
_csd21 2007-12-18 to subj.;
_aaa11 2007-12-21
_aps08 2008-03-27 1 copy rec'd., to CIP ver.
_asb00 2008-04-02